| 000 | 00867cam a2200241 4500 | ||
|---|---|---|---|
| 008 | 090401t1991 xxu||||| |||| 00| 0 eng d | ||
| 020 | _a0906182581 | ||
| 035 | _a(Sirsi) u19077 | ||
| 041 | _aeng | ||
| 050 | _a690.24 | ||
| 110 |
_aBuilding Maintenance Information Ltd _92307 |
||
| 245 | _aUniversity occupancy expenditure 2: analysis of expenditure 1985/86 - 1989/90: some problems of data | ||
| 260 |
_aKingston-upon-Thame s _bBuilding Maintenance Information Ltd _c1991 |
||
| 300 | _a16p. ; 30cm. | ||
| 350 | _a200 | ||
| 490 |
_aSerial _v199 |
||
| 520 | _aThis item is part of a subscription service and cannot be photocopied, neither can any part of it be read out over the phone. Please contact BMI direct on0171-222-7000 for details. | ||
| 650 | _aBMI | ||
| 650 | _aOCCUPANCY COSTS | ||
| 650 | _aUNIVERSITIES | ||
| 942 | _n0 | ||
| 948 | _c04/03/1997 | ||
| 999 |
_c87646 _d87646 |
||